[Event "2. Bundesliga Mitte 2009/2010"]
[Site "Frauental"]
[Date "2010.02.28"]
[Round "8"]
[Board "5"]
[White "Lang, Josef Jun."]
[Black "Fahrner, Kurt"]
[Result "0-1"]
[WhiteElo "2065"]
[BlackElo "2300"]
[PlyCount "160"]
[EventDate "2009.10.10"]
[EventType "team"]
[EventRounds "11"]
[EventCountry "AUT"]
[WhiteTeam "Spg. Sauwald"]
[BlackTeam "ESV Austria Graz"]

1.e4 g6 2.d4 Bg7 3.Nc3 d6 4.Be3 b6 5.f3 Nd7 6.Qd2 b5 7.g4 Bb7 8.h4 h6 9.O-O-O c5
10.Nh3 Ngf6 11.Be2 Rc8 12.Nf2 Qa5 13.a3 Nb6 14.Na2 Qxd2+ 15.Rxd2 cxd4 16.Bxd4
Nc4 17.Rdd1 O-O 18.g5 Nh5 19.Bxg7 Kxg7 20.Ng4 hxg5 21.hxg5 Rh8 22.Nb4 Nf4
23.Bxc4 Rxh1 24.Rxh1 Rxc4 25.Kd2 Ne6 26.Ne3 Rc5 27.Nbd5 Bxd5 28.Nxd5 Nxg5 29.Rf1
e6 30.Nb4 a5 31.Nd3 Rc4 32.c3 e5 33.Ke3 f5 34.Nf2 Kf6 35.Rd1 Ke6 36.Rg1 Kf6
37.Rd1 Nf7 38.Rd5 Rc5 39.Rxc5 dxc5 40.Nd3 c4 41.Nc5 a4 42.Nd7+ Ke7 43.Nb6 Kd6
44.Nc8+ Kd7 45.Nb6+ Kc7 46.Nd5+ Kd6 47.Nf6 Ke6 48.Nd5 Nd6 49.Nc7+ Kf6 50.Nd5+
Ke6 51.Nc7+ Kd7 52.Nd5 f4+ 53.Ke2 g5 54.Kf2 Nb7 55.Nf6+ Ke7 56.Nh7 g4 57.fxg4
Nc5 58.Kf3 Nd3 59.g5 Nxb2 60.Nf6 Nd3 61.Nd5+ Kf7 62.Nc7 Kg6 63.Nxb5 Kxg5 64.Nd6
Nb2 65.Ke2 Kg4 66.Nf7 Nd3 67.Nd6 f3+ 68.Kd2 Nb2 69.Ke1 Kf4 70.Kf1 Ke3 71.Ke1 f2+
72.Kf1 Kf3 73.Nxc4 Nd3 74.Nb6 Kxe4 75.Nxa4 Kf3 76.c4 e4 77.Nc3 e3 78.Ne2 Nc5
79.Nd4+ Ke4 80.Nc6 Nb3

[Event "2. Bundesliga Mitte 2009/2010"]
[Site "Frauental"]
[Date "2010.02.28"]
[Round "8"]
[Board "6"]
[White "Aschenbrenner, Robert"]
[Black "Maier, Josef"]
[Result "1/2-1/2"]
[WhiteElo "2262"]
[BlackElo "1844"]
[PlyCount "109"]
[EventDate "2009.10.10"]
[EventType "team"]
[EventRounds "11"]
[EventCountry "AUT"]
[WhiteTeam "ESV Austria Graz"]
[BlackTeam "Spg. Sauwald"]

1.d4 Nf6 2.Nf3 g6 3.b3 Bg7 4.Bb2 O-O 5.Nbd2 d5 6.e3 Bg4 7.h3 Bxf3 8.gxf3 Nbd7
9.Bd3 c5 10.f4 e6 11.h4 h5 12.Nf3 Qa5+ 13.Kf1 b5 14.dxc5 Nxc5 15.Ng5 Rfd8 16.Rg1
Nfe4 17.Bxg7 Kxg7 18.Be2 Nxg5 19.Qd4+ Kh7 20.hxg5 Ne4 21.Rh1 Kg8 22.f5 Qc3
23.fxg6 fxg6 24.Qxc3 Nxc3 25.Bd3 Kg7 26.Rh4 e5 27.Ke1 d4 28.Kd2 Rac8 29.exd4
Rxd4 30.Rxd4 exd4 31.Re1 Kf7 32.Re5 a6 33.a4 Rb8 34.axb5 axb5 35.b4 Rb6 36.Rc5
h4 37.Rc7+ Kg8 38.Re7 Nd5 39.Re4 Nxb4 40.Rxh4 Nxd3 41.Kxd3 b4 42.Rxd4 b3 43.cxb3
Rxb3+ 44.Ke4 Rb2 45.f3 Re2+ 46.Kd5 Re3 47.Rf4 Kg7 48.Rf6 Re1 49.Ra6 Re3 50.Ra7+
Kg8 51.f4 Re1 52.Kd6 Re4 53.Ra8+ Kg7 54.Ra7+ Kg8 55.Ra8+

[Event "2. Bundesliga Mitte 2009/2010"]
[Site "Frauental"]
[Date "2010.02.28"]
[Round "8"]
[Board "2"]
[White "Perhinig, Robert"]
[Black "Horvath, Sandor"]
[Result "1/2-1/2"]
[WhiteElo "2287"]
[BlackElo "2284"]
[PlyCount "45"]
[EventDate "2009.10.10"]
[EventType "team"]
[EventRounds "11"]
[EventCountry "AUT"]
[WhiteTeam "Admira Villach"]
[BlackTeam "RbEJ Gleisdorf"]

1.d4 Nf6 2.c4 e6 3.Nc3 Bb4 4.Qc2 c5 5.dxc5 Nc6 6.Nf3 Bxc5 7.a3 O-O 8.e3 Qc7 9.b3
d5 10.Bb2 dxc4 11.Bxc4 a6 12.O-O Qd6 13.Rac1 Bd7 14.Bd3 Rac8 15.b4 Qb8 16.Qb1 b6
17.Rfd1 Rfd8 18.h3 Be8 19.Qa1 Bf8 20.Ne2 Nd5 21.Nc3 Nf6 22.Ne2 Nd5 23.Nc3

[Event "2. Bundesliga Mitte 2009/2010"]
[Site "Frauental"]
[Date "2010.02.28"]
[Round "8"]
[Board "3"]
[White "Walzl, Martin"]
[Black "Frank, Dieter"]
[Result "1/2-1/2"]
[WhiteElo "2148"]
[BlackElo "2144"]
[PlyCount "76"]
[EventDate "2009.10.10"]
[EventType "team"]
[EventRounds "11"]
[EventCountry "AUT"]
[WhiteTeam "RbEJ Gleisdorf"]
[BlackTeam "Admira Villach"]

1.d4 Nf6 2.c4 e6 3.Nc3 Bb4 4.Qc2 O-O 5.a3 Bxc3+ 6.Qxc3 d5 7.Bg5 Nbd7 8.e3 h6
9.Bh4 g5 10.Bg3 Ne4 11.Qc2 f5 12.cxd5 exd5 13.Bxc7 Qe7 14.Bd3 Ndf6 15.Be5 Ng4
16.Bxe4 fxe4 17.Bg3 Qf7 18.Qd2 Bd7 19.Rc1 Rac8 20.Rxc8 Bxc8 21.h4 b6 22.hxg5
hxg5 23.Qe2 Qf6 24.Nh3 Qc6 25.Kd2 Qh6 26.Rc1 Nf6 27.Rc7 Bxh3 28.gxh3 Qxh3 29.Qa6
Qf5 30.Qxa7 Rc8 31.Rxc8+ Qxc8 32.Qc7 Qa6 33.Qc3 Ng4 34.Ke1 Nf6 35.Qc6 Qd3
36.Qxf6 Qb1+ 37.Ke2 Qd3+ 38.Ke1 Qb1+

[Event "2. Bundesliga Mitte 2009/2010"]
[Site "Frauental"]
[Date "2010.02.28"]
[Round "8"]
[Board "4"]
[White "Hafner, Robert"]
[Black "Schriebl, Alexander"]
[Result "1/2-1/2"]
[WhiteElo "2110"]
[BlackElo "2099"]
[PlyCount "60"]
[EventDate "2009.10.10"]
[EventType "team"]
[EventRounds "11"]
[EventCountry "AUT"]
[WhiteTeam "Admira Villach"]
[BlackTeam "RbEJ Gleisdorf"]

1.d4 Nf6 2.c4 g6 3.Nc3 d5 4.cxd5 Nxd5 5.e4 Nxc3 6.bxc3 Bg7 7.Nf3 c5 8.Be3 O-O
9.Qd2 Qa5 10.Rc1 cxd4 11.cxd4 Qxd2+ 12.Kxd2 Rd8 13.Bb5 Nc6 14.Bxc6 bxc6 15.Rhd1
Rb8 16.Ke1 Rb2 17.Rd2 Rxd2 18.Kxd2 e5 19.Rxc6 Bb7 20.Rc7 Bxe4 21.Rxa7 exd4
22.Bf4 Rc8 23.Ne1 Bf8 24.f3 Bb4+ 25.Kd1 Bf5 26.g4 Bc5 27.Rc7 Rxc7 28.Bxc7 Be6
29.Nd3 Ba3 30.Bb6 Bxa2

[Event "2. Bundesliga Mitte 2009/2010"]
[Site "Frauental"]
[Date "2010.02.28"]
[Round "8"]
[Board "5"]
[White "Knoll, Martin"]
[Black "Revelant, Stefan"]
[Result "0-1"]
[WhiteElo "2038"]
[BlackElo "2107"]
[PlyCount "98"]
[EventDate "2009.10.10"]
[EventType "team"]
[EventRounds "11"]
[EventCountry "AUT"]
[WhiteTeam "RbEJ Gleisdorf"]
[BlackTeam "Admira Villach"]

1.d4 Nf6 2.c4 g6 3.Nc3 d5 4.Nf3 Bg7 5.g3 O-O 6.Bg2 c6 7.cxd5 cxd5 8.O-O Nc6
9.Ne5 Ng4 10.Nxc6 bxc6 11.h3 Nf6 12.Bg5 h6 13.Be3 Re8 14.Qd2 Kh7 15.f4 Bf5 16.g4
Be4 17.Nxe4 Nxe4 18.Bxe4 dxe4 19.Rac1 Qd5 20.b3 Red8 21.Rc5 Qxc5 22.dxc5 Rxd2
23.Bxd2 Bd4+ 24.Kg2 Bxc5 25.Rc1 Rd8 26.Rxc5 Rxd2 27.Kf2 Rxa2 28.Rxc6 Kg7 29.f5
gxf5 30.gxf5 Ra3 31.Rc7 Kf6 32.Rb7 a5 33.Ke3 a4 34.Kxe4 Rxb3 35.Ra7 Rxh3 36.Ra6+
e6 37.fxe6 fxe6 38.Kf4 Rh4+ 39.Kf3 Kf5 40.Kg3 Re4 41.Kf3 h5 42.Ra5+ e5 43.e3 h4
44.Ra8 Rb4 45.e4+ Kf6 46.Ra6+ Kg5 47.Ra8 Rb3+ 48.Ke2 a3 49.Ra4 Kf4

[Event "2. Bundesliga Mitte 2009/2010"]
[Site "Frauental"]
[Date "2010.02.28"]
[Round "8"]
[Board "1"]
[White "Pilaj, Herwig"]
[Black "Sandhoefner, Florian"]
[Result "1/2-1/2"]
[WhiteElo "2363"]
[BlackElo "2160"]
[PlyCount "83"]
[EventDate "2009.10.10"]
[EventType "team"]
[EventRounds "11"]
[EventCountry "AUT"]
[WhiteTeam "SC Die Klagenfurter"]
[BlackTeam "ASK St. Valentin"]

1.c4 Nf6 2.Nc3 c5 3.Nf3 Nc6 4.g3 d5 5.cxd5 Nxd5 6.Bg2 Nc7 7.d3 e5 8.Nd2 Bd7
9.O-O Be7 10.Nc4 f6 11.f4 b5 12.Ne3 exf4 13.gxf4 O-O 14.Ned5 a6 15.a4 b4 16.Nxc7
Qxc7 17.Nd5 Qd8 18.Be3 Bd6 19.Rc1 Qa5 20.b3 Rac8 21.f5 Nd4 22.Be4 Rfe8 23.Kh1
Kh8 24.Rc4 Be5 25.Bg1 Rcd8 26.e3 Nc6 27.Qh5 Ne7 28.Nf4 Qb6 29.Rf3 Rc8 30.Rh3 h6
31.Ng6+ Nxg6 32.Qxg6 Re7 33.Bd5 Bc6 34.Bxc6 Qxc6+ 35.e4 Qd6 36.Qg4 Rec7 37.Qe2
Bd4 38.Rg3 Bxg1 39.Rxg1 Rd8 40.Rd1 Qe5 41.Rdc1 Rd4 42.Kg2

[Event "2. Bundesliga Mitte 2009/2010"]
[Site "Frauental"]
[Date "2010.02.28"]
[Round "8"]
[Board "2"]
[White "Kranzl, Peter"]
[Black "Genser, Harald"]
[Result "1/2-1/2"]
[WhiteElo "2285"]
[BlackElo "2272"]
[PlyCount "48"]
[EventDate "2009.10.10"]
[EventType "team"]
[EventRounds "11"]
[EventCountry "AUT"]
[WhiteTeam "ASK St. Valentin"]
[BlackTeam "SC Die Klagenfurter"]

1.e4 c6 2.d4 d5 3.Nc3 dxe4 4.Nxe4 Bf5 5.Nc5 Qb6 6.Nf3 e6 7.Nb3 Nf6 8.Bd3 Bxd3
9.Qxd3 Nbd7 10.Bf4 c5 11.O-O Be7 12.c4 cxd4 13.Qxd4 Qxd4 14.Nbxd4 a6 15.Rfd1 O-O
16.h3 Rfc8 17.b3 Kf8 18.Kf1 Ke8 19.Rab1 h6 20.Rb2 Rc5 21.Be3 Rcc8 22.Bf4 Rc5
23.Be3 Rcc8 24.Bf4 Rc5

[Event "2. Bundesliga Mitte 2009/2010"]
[Site "Frauental"]
[Date "2010.02.28"]
[Round "8"]
[Board "3"]
[White "Petschar, Kurt"]
[Black "Tober, Gerhard"]
[Result "1-0"]
[WhiteElo "2266"]
[BlackElo "2296"]
[PlyCount "81"]
[EventDate "2009.10.10"]
[EventType "team"]
[EventRounds "11"]
[EventCountry "AUT"]
[WhiteTeam "SC Die Klagenfurter"]
[BlackTeam "ASK St. Valentin"]

1.e4 e6 2.d4 b6 3.Bd3 Bb7 4.Nf3 g6 5.Nc3 Bg7 6.Bg5 Ne7 7.Qd2 h6 8.Be3 d6 9.O-O-O
Nd7 10.h4 a6 11.Bf4 b5 12.a3 e5 13.dxe5 dxe5 14.Be3 c5 15.Rhe1 c4 16.Bf1 Qc7
17.g3 O-O-O 18.Qe2 Nc5 19.Bh3+ Kb8 20.Nd2 Rd6 21.f3 Ne6 22.Bxe6 Rxe6 23.Nf1 Rd8
24.h5 Red6 25.Rxd6 Rxd6 26.Qh2 g5 27.g4 f6 28.Bg1 Bf8 29.Qf2 Nc8 30.Ne3 Qa5
31.Ned5 Rd8 32.Qe2 Bxa3 33.bxa3 Qxa3+ 34.Kd2 Ne7 35.Qe3 Nxd5 36.Nxd5 Qa5+ 37.Ke2
Bxd5 38.Qa7+ Kc8 39.exd5 Rd7 40.Qa8+ Kc7 41.Qc6+

[Event "2. Bundesliga Mitte 2009/2010"]
[Site "Frauental"]
[Date "2010.02.28"]
[Round "8"]
[Board "4"]
[White "Heimberger, Reinhard"]
[Black "Titz, Heimo"]
[Result "1-0"]
[WhiteElo "2257"]
[BlackElo "2242"]
[PlyCount "111"]
[EventDate "2009.10.10"]
[EventType "team"]
[EventRounds "11"]
[EventCountry "AUT"]
[WhiteTeam "ASK St. Valentin"]
[BlackTeam "SC Die Klagenfurter"]

1.d4 Nf6 2.g3 c5 3.dxc5 Qa5+ 4.Bd2 Qxc5 5.Bg2 g6 6.Bc3 Bg7 7.e4 d6 8.Ne2 Nc6
9.O-O O-O 10.h3 a5 11.a4 Be6 12.Nd2 Rac8 13.Nf4 Bc4 14.Nd3 Bxd3 15.cxd3 Nd4
16.Nb3 Nxb3 17.Qxb3 Qa7 18.e5 dxe5 19.Qxb7 Qxb7 20.Bxb7 Rc5 21.Rfc1 Rb8 22.Ba6
Nd5 23.Bd2 Rxc1+ 24.Rxc1 Nb4 25.Bb5 e6 26.Rc7 Bf6 27.Bc3 Nd5 28.Rc5 Nxc3 29.bxc3
Bd8 30.Rxe5 Rc8 31.Bc4 Rc6 32.Rb5 Kg7 33.Kg2 Bf6 34.Rxa5 Bxc3 35.Rb5 Bd4 36.Rb7
Rb6 37.Rd7 Bc3 38.f4 h5 39.Kf3 Kf8 40.Bb5 Bb4 41.Ke4 Rd6 42.Rc7 Ba5 43.Ra7 Bb6
44.Ra8+ Rd8 45.Ra6 Rd4+ 46.Kf3 Rd6 47.a5 Bc5 48.Ra8+ Ke7 49.Rc8 Bg1 50.a6 Rd5
51.Rc7+ Kf6 52.Rb7 g5 53.Be8 gxf4 54.Rxf7+ Ke5 55.gxf4+ Kd4 56.a7

[Event "2. Bundesliga Mitte 2009/2010"]
[Site "Frauental"]
[Date "2010.02.28"]
[Round "8"]
[Board "5"]
[White "Wertjanz, David"]
[Black "Petroczi, Thomas"]
[Result "1/2-1/2"]
[WhiteElo "2126"]
[BlackElo "2203"]
[PlyCount "142"]
[EventDate "2009.10.10"]
[EventType "team"]
[EventRounds "11"]
[EventCountry "AUT"]
[WhiteTeam "SC Die Klagenfurter"]
[BlackTeam "ASK St. Valentin"]

1.e4 c6 2.d4 d5 3.e5 Bf5 4.Nf3 e6 5.Be2 Nd7 6.O-O h6 7.Be3 Ne7 8.b3 Bh7 9.c4 Nf5
10.Qd2 Be7 11.Nc3 O-O 12.Ne1 dxc4 13.bxc4 c5 14.Rd1 cxd4 15.Bxd4 Qa5 16.Nd5 Qxd2
17.Nxe7+ Nxe7 18.Rxd2 Nc6 19.f4 Nxd4 20.Rxd4 Nc5 21.Nf3 Rfd8 22.Rfd1 Rxd4
23.Rxd4 Kf8 24.Kf2 Ke7 25.Ke3 Rc8 26.Nd2 Bc2 27.Bf3 Rc7 28.Ne4 Bxe4 29.Bxe4 Nxe4
30.Kxe4 Rc5 31.g3 g6 32.g4 Ra5 33.Rd2 Ra3 34.f5 gxf5+ 35.gxf5 exf5+ 36.Kxf5 Rc3
37.Rd6 Rxc4 38.Rxh6 Rc2 39.Rh8 Rf2+ 40.Ke4 Rxa2 41.h4 b5 42.h5 b4 43.h6 a5 44.h7
Rh2 45.Ra8 Rxh7 46.Rxa5 Rh1 47.Rb5 Rb1 48.Kd5 b3 49.Rb7+ Kf8 50.Kc4 b2 51.Kc3
Re1 52.Rxb2 Rxe5 53.Kd4 Re1 54.Rg2 f6 55.Kd3 Kf7 56.Rd2 Rf1 57.Ra2 Kg6 58.Ke2
Rf4 59.Ra1 Rb4 60.Kf2 f5 61.Ke2 Rf4 62.Ra2 Rb4 63.Kf2 Kh5 64.Ra1 Kg5 65.Ra3 f4
66.Rc3 Rb2+ 67.Kf1 Rb8 68.Kf2 Ra8 69.Rb3 Ra2+ 70.Kf1 f3 71.Rb8 Ra1+

[Event "2. Bundesliga Mitte 2009/2010"]
[Site "Frauental"]
[Date "2010.02.28"]
[Round "8"]
[Board "6"]
[White "Dornauer, Joachim"]
[Black "Jakits, Leopold"]
[Result "0-1"]
[WhiteElo "2135"]
[BlackElo "1982"]
[PlyCount "87"]
[EventDate "2009.10.10"]
[EventType "team"]
[EventRounds "11"]
[EventCountry "AUT"]
[WhiteTeam "ASK St. Valentin"]
[BlackTeam "SC Die Klagenfurter"]

1.d4 Nf6 2.c4 e6 3.Nf3 c5 4.d5 d6 5.Nc3 exd5 6.cxd5 g6 7.e4 Bg7 8.Be2 O-O 9.Nd2
a6 10.a4 Nbd7 11.O-O Re8 12.f4 Rb8 13.Bd3 Qa5 14.Nc4 Qc7 15.e5 dxe5 16.d6 Qd8
17.fxe5 Nxe5 18.Nxe5 Rxe5 19.Bf4 Rh5 20.Be2 Rf5 21.d7 Bxd7 22.Bxb8 Qxb8 23.Rxf5
Bxf5 24.Bf3 h5 25.Qe2 Ng4 26.g3 Bd4+ 27.Kg2 Ne3+ 28.Kh1 Kg7 29.Nd5 Ng4 30.Rf1 b5
31.axb5 axb5 32.Nf4 Ne3 33.Ra1 Bg4 34.Re1 Qd6 35.b3 b4 36.h3 Bxf3+ 37.Qxf3 Nc2
38.Re2 Na3 39.Nd5 Nb5 40.Kg2 Be5 41.Rf2 Bxg3 42.Qxg3 Qxd5+ 43.Rf3 Nd4 44.Qf4

[Event "2. Bundesliga Mitte 2009/2010"]
[Site "Frauental"]
[Date "2010.02.28"]
[Round "8"]
[Board "1"]
[White "Lenic, Luka"]
[Black "Diermair, Andreas"]
[Result "1-0"]
[WhiteElo "2603"]
[BlackElo "2333"]
[PlyCount "63"]
[EventDate "2009.10.10"]
[EventType "team"]
[EventRounds "11"]
[EventCountry "AUT"]
[WhiteTeam "SV Raika Rapid Feffernitz"]
[BlackTeam "Frauental"]

1.c4 c6 2.d4 d5 3.Nf3 Nf6 4.e3 Bf5 5.Nc3 e6 6.Nh4 Bg6 7.Nxg6 hxg6 8.a3 Nbd7 9.g3
Be7 10.b3 O-O 11.Bg2 b5 12.c5 e5 13.O-O a5 14.Bb2 Qc7 15.b4 Rfe8 16.e4 dxe4
17.d5 cxd5 18.Nxd5 Qc6 19.Nxe7+ Rxe7 20.Qe2 g5 21.Rfd1 Re6 22.Bf1 Rb8 23.Rac1 g4
24.a4 bxa4 25.b5 Qc7 26.Qe3 Rc8 27.Ba3 Rb8 28.Bc4 Ree8 29.Rd6 Rbc8 30.c6 Nb6
31.Rxf6 Nxc4 32.Rxc4

[Event "2. Bundesliga Mitte 2009/2010"]
[Site "Frauental"]
[Date "2010.02.28"]
[Round "8"]
[Board "2"]
[White "Cigan, Stefan"]
[Black "Sebenik, Matej"]
[Result "0-1"]
[WhiteElo "2371"]
[BlackElo "2504"]
[PlyCount "68"]
[EventDate "2009.10.10"]
[EventType "team"]
[EventRounds "11"]
[EventCountry "AUT"]
[WhiteTeam "Frauental"]
[BlackTeam "SV Raika Rapid Feffernitz"]

1.e4 e6 2.d3 d5 3.Nd2 Nf6 4.Ngf3 b6 5.g3 dxe4 6.dxe4 Bc5 7.Bc4 Qe7 8.e5 Nfd7
9.Ne4 Bb7 10.Qe2 h6 11.c3 a5 12.h4 Nc6 13.Bf4 O-O-O 14.O-O-O Rhe8 15.h5 Kb8
16.Rhe1 Qf8 17.Rd2 Be7 18.Red1 Nc5 19.Nxc5 Bxc5 20.g4 Rxd2 21.Nxd2 Rd8 22.Ne4
Rxd1+ 23.Kxd1 a4 24.f3 Na5 25.Kc2 Bd5 26.Bb5 Bxa2 27.Bxa4 Bc4 28.Qd2 b5 29.Nxc5
Qxc5 30.b4 Qc6 31.bxa5 bxa4 32.Qf2 a3 33.Bc1 Qa4+ 34.Kb1 Qb3+

[Event "2. Bundesliga Mitte 2009/2010"]
[Site "Frauental"]
[Date "2010.02.28"]
[Round "8"]
[Board "3"]
[White "Gostisa, Leon"]
[Black "Schnider, Gert"]
[Result "1/2-1/2"]
[WhiteElo "2409"]
[BlackElo "2322"]
[PlyCount "68"]
[EventDate "2009.10.10"]
[EventType "team"]
[EventRounds "11"]
[EventCountry "AUT"]
[WhiteTeam "SV Raika Rapid Feffernitz"]
[BlackTeam "Frauental"]

1.d4 d5 2.Nf3 Nf6 3.c4 c6 4.Nc3 dxc4 5.a4 c5 6.d5 e6 7.e4 exd5 8.e5 Nbd7 9.exf6
Nxf6 10.Bg5 Be6 11.g3 Be7 12.Bg2 h6 13.Bd2 O-O 14.O-O Rb8 15.Re1 d4 16.Ne2 Nd5
17.Ne5 d3 18.Nf4 Nxf4 19.Bxf4 Bd6 20.Rc1 Qc7 21.Nxc4 Bxf4 22.gxf4 Rfd8 23.Qg4
Rd4 24.Re4 Rbd8 25.Rxd4 Rxd4 26.Ne3 b6 27.f5 Bb3 28.f6 Bxa4 29.Nd5 Qd7 30.Ne7+
Kh7 31.Re1 Rxg4 32.Kh1 Rxg2 33.Kxg2 Qg4+ 34.Kf1 Qh3+

[Event "2. Bundesliga Mitte 2009/2010"]
[Site "Frauental"]
[Date "2010.02.28"]
[Round "8"]
[Board "4"]
[White "Schreiner, Peter"]
[Black "Starc, Christian"]
[Result "1-0"]
[WhiteElo "2254"]
[BlackElo "2127"]
[PlyCount "89"]
[EventDate "2009.10.10"]
[EventType "team"]
[EventRounds "11"]
[EventCountry "AUT"]
[WhiteTeam "Frauental"]
[BlackTeam "SV Raika Rapid Feffernitz"]

1.e4 c5 2.Nc3 d6 3.Nge2 Nf6 4.d4 cxd4 5.Nxd4 a6 6.f3 e6 7.Be3 b5 8.a4 b4 9.Na2
d5 10.e5 Nfd7 11.f4 Bb7 12.Nc1 Nc6 13.Ncb3 Ndb8 14.a5 Nxd4 15.Bxd4 Nd7 16.Bd3 g6
17.O-O h5 18.Qe2 Qc7 19.Qe3 Rc8 20.Kh1 Nc5 21.Nxc5 Bxc5 22.Bxc5 Qxc5 23.Qxc5
Rxc5 24.Ra4 Kd7 25.Rxb4 Kc7 26.Ra1 h4 27.Rd4 Rg8 28.b4 Rc3 29.Kg1 g5 30.Kf2 Rg7
31.Re1 gxf4 32.Rxf4 d4 33.g3 hxg3+ 34.hxg3 Bc6 35.Bxa6 Rxc2+ 36.Re2 Rc1 37.Rxd4
Rg5 38.b5 Bd5 39.Rf4 Rg7 40.b6+ Kc6 41.Rb2 Rc3 42.b7 Rgxg3 43.b8=N+ Kc7 44.Rxf7+
Kd8 45.Nc6+

[Event "2. Bundesliga Mitte 2009/2010"]
[Site "Frauental"]
[Date "2010.02.28"]
[Round "8"]
[Board "5"]
[White "Tschohl, Christof"]
[Black "Weber, Christoph"]
[Result "1/2-1/2"]
[WhiteElo "2160"]
[BlackElo "2208"]
[PlyCount "72"]
[EventDate "2009.10.10"]
[EventType "team"]
[EventRounds "11"]
[EventCountry "AUT"]
[WhiteTeam "SV Raika Rapid Feffernitz"]
[BlackTeam "Frauental"]

1.e4 c5 2.c3 b6 3.g3 Bb7 4.Bg2 Nf6 5.d3 d5 6.e5 Nfd7 7.d4 e6 8.f4 Nc6 9.Ne2 cxd4
10.cxd4 Bb4+ 11.Bd2 Be7 12.O-O f5 13.exf6 Nxf6 14.h3 Qd7 15.Be3 O-O 16.Nd2 Ba6
17.a3 Na5 18.Re1 Rfe8 19.Nc3 Bf8 20.Bf2 Rac8 21.g4 Qd6 22.Qf3 Nd7 23.g5 g6
24.Qg4 Rc6 25.Bg3 Nc4 26.Nxc4 Bxc4 27.Rac1 Bg7 28.Bf2 b5 29.b3 Bd3 30.Qd1 Bf5
31.Nxb5 Rxc1 32.Qxc1 Qb6 33.Bf1 a6 34.Qc7 axb5 35.Qxd7 Rd8 36.Qxb5 Bxd4

[Event "2. Bundesliga Mitte 2009/2010"]
[Site "Frauental"]
[Date "2010.02.28"]
[Round "8"]
[Board "6"]
[White "Raffalt, Manfred"]
[Black "Arztmann, Wolfgang"]
[Result "1/2-1/2"]
[WhiteElo "2136"]
[BlackElo "2102"]
[PlyCount "78"]
[EventDate "2009.10.10"]
[EventType "team"]
[EventRounds "11"]
[EventCountry "AUT"]
[WhiteTeam "Frauental"]
[BlackTeam "SV Raika Rapid Feffernitz"]

1.g3 e5 2.c4 d6 3.Bg2 f5 4.d4 Be7 5.e4 exd4 6.Qxd4 Nc6 7.Qd1 Nf6 8.Nc3 O-O
9.Nge2 Be6 10.exf5 Bxf5 11.Nd4 Bg4 12.Nxc6 bxc6 13.Qa4 Bd7 14.O-O d5 15.Qd1 Bg4
16.Qd4 Be6 17.Bf4 dxc4 18.Qe5 Bf7 19.Rad1 Bd6 20.Qa5 Rb8 21.Rd2 Qe7 22.Bxd6 cxd6
23.Bxc6 Rb6 24.Re2 Qc7 25.Nd5 Nxd5 26.Bxd5 h6 27.Rc1 Qb8 28.Qd2 Bxd5 29.Qxd5+
Kh8 30.Rcc2 Rc8 31.Re7 Rxb2 32.Qf7 Rb1+ 33.Kg2 Rg8 34.Rxc4 Qa8+ 35.Kh3 Qh1
36.Rc8 Qf1+ 37.Kg4 Qd1+ 38.Kh3 Qf1+ 39.Kg4 Qd1+

[Event "2. Bundesliga Mitte 2009/2010"]
[Site "Frauental"]
[Date "2010.02.28"]
[Round "8"]
[Board "1"]
[White "Stevic, Hrvoje"]
[Black "Mohr, Georg"]
[Result "1-0"]
[WhiteElo "2610"]
[BlackElo "2503"]
[PlyCount "67"]
[EventDate "2009.10.10"]
[EventType "team"]
[EventRounds "11"]
[EventCountry "AUT"]
[WhiteTeam "ZH-Technologies Wolfsberg"]
[BlackTeam "Strassenbahn Graz"]

1.e4 e5 2.Nf3 Nc6 3.Bb5 Nf6 4.O-O Nxe4 5.Qe2 Nf6 6.Nxe5 Nxe5 7.d4 c6 8.dxe5 Nd5
9.Bc4 Nc7 10.Nc3 Be7 11.Rd1 O-O 12.Ne4 Ne6 13.f4 b5 14.Bb3 Nc5 15.Nxc5 Bxc5+
16.Be3 Bxe3+ 17.Qxe3 Qb6 18.Kf2 Re8 19.Rd6 Kf8 20.Rad1 Qxe3+ 21.Kxe3 a5 22.c3
Rb8 23.Kd4 b4 24.c4 f6 25.Re1 fxe5+ 26.fxe5 Ke7 27.Rf1 Bb7 28.Kc5 Ba8 29.Bd1 Kd8
30.e6 Rb7 31.Bg4 b3 32.axb3 Rxb3 33.Rxd7+ Kc8 34.e7

[Event "2. Bundesliga Mitte 2009/2010"]
[Site "Frauental"]
[Date "2010.02.28"]
[Round "8"]
[Board "2"]
[White "Petre, Nad-Titus"]
[Black "Jovanovic, Zoran"]
[Result "0-1"]
[WhiteElo "2410"]
[BlackElo "2526"]
[PlyCount "118"]
[EventDate "2009.10.10"]
[EventType "team"]
[EventRounds "11"]
[EventCountry "AUT"]
[WhiteTeam "Strassenbahn Graz"]
[BlackTeam "ZH-Technologies Wolfsberg"]

1.d4 d6 2.Nf3 g6 3.c4 Bg7 4.Nc3 Nf6 5.e4 O-O 6.Be2 e5 7.O-O Qe8 8.dxe5 dxe5 9.b4
Bg4 10.b5 Bxf3 11.Bxf3 Qe6 12.Ba3 Rc8 13.Nd5 Bf8 14.Bxf8 Rxf8 15.Nxf6+ Qxf6
16.Qd5 c6 17.Qc5 Qe7 18.Qe3 Nd7 19.Bg4 Rfd8 20.Bxd7 Qxd7 21.Rab1 Kg7 22.Rfe1 Qe6
23.bxc6 bxc6 24.Qc5 Rd4 25.Rb4 Rad8 26.h3 Qd6 27.Qxd6 R8xd6 28.Ra4 Rd7 29.Re3
Rd2 30.Ra5 Rc2 31.Rf3 Rxc4 32.Rxe5 Rc2 33.Ra5 c5 34.Kh2 c4 35.Rc5 Re7 36.Kg3
Rxa2 37.Rxc4 a5 38.Rfc3 h5 39.Kf3 Rb7 40.Kg3 h4+ 41.Kg4 Rxf2 42.Kxh4 Rxg2 43.Rc2
Rxc2 44.Rxc2 a4 45.Kg5 Rb5+ 46.Kf4 a3 47.Kg4 Ra5 48.Ra2 Ra4 49.Kg3 Kf8 50.Kf4
Ke7 51.Ke5 Ra5+ 52.Kd4 Ke6 53.h4 Rc5 54.Ke3 Ke5 55.Kd3 Ra5 56.Ke3 Ra6 57.Kd3 Ra4
58.Kc3 Kxe4 59.Kb3 Ra7

[Event "2. Bundesliga Mitte 2009/2010"]
[Site "Frauental"]
[Date "2010.02.28"]
[Round "8"]
[Board "3"]
[White "Hoelzl, Franz"]
[Black "Grunberg, Mihai-Lucian"]
[Result "1/2-1/2"]
[WhiteElo "2333"]
[BlackElo "2401"]
[PlyCount "49"]
[EventDate "2009.10.10"]
[EventType "team"]
[EventRounds "11"]
[EventCountry "AUT"]
[WhiteTeam "ZH-Technologies Wolfsberg"]
[BlackTeam "Strassenbahn Graz"]

1.Nf3 f5 2.b3 d6 3.d4 Nf6 4.Bb2 g6 5.e3 Bg7 6.Nbd2 O-O 7.Bd3 Nc6 8.O-O a5 9.a3
e5 10.dxe5 Ng4 11.Nc4 Ngxe5 12.Ncxe5 Bxe5 13.Nxe5 Nxe5 14.Bc4+ Kg7 15.Bxe5+ dxe5
16.Qxd8 Rxd8 17.Rfd1 Rd7 18.Kf1 Kf6 19.Ke2 Rxd1 20.Rxd1 Be6 21.Bxe6 Kxe6 22.f4
Ra7 23.Rd8 Ra6 24.Kd3 e4+ 25.Kd2

[Event "2. Bundesliga Mitte 2009/2010"]
[Site "Frauental"]
[Date "2010.02.28"]
[Round "8"]
[Board "4"]
[White "Pesorda, Ivan"]
[Black "Steflitsch, Erich"]
[Result "1/2-1/2"]
[WhiteElo "2256"]
[BlackElo "2371"]
[PlyCount "101"]
[EventDate "2009.10.10"]
[EventType "team"]
[EventRounds "11"]
[EventCountry "AUT"]
[WhiteTeam "Strassenbahn Graz"]
[BlackTeam "ZH-Technologies Wolfsberg"]

1.d4 Nf6 2.c4 e6 3.Nc3 d5 4.Bg5 Be7 5.e3 O-O 6.Rc1 h6 7.Bh4 b6 8.cxd5 Nxd5
9.Nxd5 exd5 10.Bxe7 Qxe7 11.Qc2 c5 12.dxc5 d4 13.Nf3 dxe3 14.Be2 Na6 15.c6 Nb4
16.Qb3 exf2+ 17.Kxf2 Be6 18.Bc4 Qc5+ 19.Qe3 Qxe3+ 20.Kxe3 Rfe8 21.Kf2 Rac8
22.Nd4 Bxc4 23.Rxc4 Nd3+ 24.Kg3 Re3+ 25.Nf3 Nxb2 26.Rc2 Na4 27.Rd1 Nc5 28.Rd7
Rxc6 29.Rxa7 g5 30.Kf2 Re8 31.Kg1 g4 32.Nd4 Nd3 33.Ra8 Rxa8 34.Nxc6 Re8 35.g3
Re1+ 36.Kg2 Ra1 37.Rd2 Ne1+ 38.Kf2 Nf3 39.Rb2 Nxh2 40.Ne5 h5 41.Nc4 Nf3 42.Nxb6
Ng5 43.Nd5 Kg7 44.Nf4 Ne4+ 45.Kg2 Kh6 46.Re2 f5 47.Rc2 Kg5 48.Ne6+ Kf6 49.Nf4
Kg5 50.Ne6+ Kf6 51.Nf4

[Event "2. Bundesliga Mitte 2009/2010"]
[Site "Frauental"]
[Date "2010.02.28"]
[Round "8"]
[Board "5"]
[White "Wegerer, Fred"]
[Black "Krebs, Johann"]
[Result "1-0"]
[WhiteElo "2215"]
[BlackElo "2218"]
[PlyCount "98"]
[EventDate "2009.10.10"]
[EventType "team"]
[EventRounds "11"]
[EventCountry "AUT"]
[WhiteTeam "ZH-Technologies Wolfsberg"]
[BlackTeam "Strassenbahn Graz"]

1.c4 g6 2.Nc3 Bg7 3.g3 c5 4.Bg2 Nc6 5.a3 e6 6.Qa4 Nge7 7.b4 d6 8.Bb2 Bd7 9.b5
Na5 10.Rb1 O-O 11.Ne4 Bxb2 12.Rxb2 Nf5 13.Nf3 a6 14.g4 axb5 15.cxb5 d5 16.Nxc5
Nc4 17.Qb4 Nxb2 18.Qxb2 Nd6 19.a4 b6 20.Na6 Rc8 21.d3 Nb7 22.O-O Nc5 23.Nxc5
Rxc5 24.g5 f6 25.h4 h6 26.gxf6 Qxf6 27.d4 Qe7 28.Qa3 Rfc8 29.Ne5 R8c7 30.Rd1 Qf8
31.Qg3 Kh7 32.Nc6 Qf5 33.Rd3 Rc8 34.Ne5 Rf8 35.Rf3 Qb1+ 36.Kh2 Rxf3 37.Bxf3 Be8
38.Bg4 Rc7 39.Qa3 Rg7 40.Qf8 Qe4 41.e3 Qc2 42.Kg2 Bd7 43.Qd6 Qxa4 44.Nxd7 h5
45.Nf6+ Kh6 46.Qf8 hxg4 47.Nxg4+ Kh7 48.h5 gxh5 49.Qxg7+ Kxg7